| 000 | 00534nam a2200169Ia 4500 | ||
|---|---|---|---|
| 003 | SGT | ||
| 020 | _a9788190746229 | ||
| 082 |
_a604.2 _bBHA |
||
| 100 | _aBhattacharyya,B | ||
| 245 | _aEngineering graphics | ||
| 260 |
_bI.K. International Publishing House Pvt. Ltd. _aNew Delhi _c2009 |
||
| 300 | _a333p. | ||
| 650 | _aTECHNICAL DRAWING | ||
| 653 | _aINTRODUCTION, ISO AND BIS CONVENTION OR CODE, DRAWING INSTRUMENTS & DRAWING MATERIALS, LAYOUT OF DRAWING SHEET, PROJECTIONS & ITS ASPECTS | ||
| 700 | _aBera,S.C | ||
| 942 |
_2ddc _cBK |
||
| 999 |
_c4979 _d4979 |
||